【プロ野球】 2026年 新応援歌 - Statistics

General Stats
  • This quiz has been taken 39 times
    3 since last reset
  • The average score is 21 of 47
Answer Stats
応援歌 選手名 % Correct
この地で夢を叶えよう 揺るがぬハートで立ち向かえ闇夜を照らす 勝利への一撃 ボスラー
100%
天に輝く想いが 導く運命 宿した力 見せる時 放て走れ叫べ ブライト健太
100%
宿りし力 解き放て  豪快フルパワー スタンド沸かす一打  無限の彼方へ 飛ばせ〇〇 リチャード
100%
力強く歩む 誇らしき道その手で叶えろ 果てなき願いを 松下歩叶
67%
この舞台で 光放つ いま勝負を決める 気迫の一撃 北村恵吾
67%
球際で輝く 翔るその脚 果敢に食らいつけ 狙い澄まして 岩田幸宏
67%
今だ打て〇〇 バットが火を吹くぞ狙えホームラン レフト場外へ 池山隆寛
67%
オイ!レッツゴー!〇〇!オイ!レッツゴー!〇〇! ラララ・・・ まだ見ぬ景色の先へ レッツゴー!〇〇! 内山壮真
67%
多才な技と 信じてきた道が今輝きを放ち 歴史を刻む 山本泰寛
67%
最高の舞台で 燦然と光る 君は我らのステラ 大志を持ち挑め 佐々木泰
67%
Fight 〇〇 この場所でLet's go 〇〇 夢をのせて モンテロ
67%
大空に 響け君の一打 〇〇 〇〇 ともに戦おう 黒川史陽
67%
レッツゴー ホームラン 〇〇ファイト ゴー 〇〇 カモン ホームラン 〇〇  さあいこう 〇〇 ボイト
67%
ラララ・・・ 勝利の道へ 我らを誘え  鋼鉄の脚でフィールド  駆け抜ける風になれ 武藤敦貴
67%
涙と汗で 夢を追いかけ光を放て あの空へ 佐藤直樹
67%
歴史を刻む 頼れる背中 眼光鋭く 仲間を守れ 伊藤光
67%
戦い抜く君は 迷いなくその先へ 夢を貫く弓矢 今放て〇〇 キャベッジ
67%
魂滾らせ 巧打で切り込め 憧れのフィールドで 熱く剛く行く 松本剛
67%
鋭い打球飛ばし 鋭い肩で魅せろ 今こそ本当決めろよ さぁ〇〇行け 谷川原健太
67%
フィールドで舞う 華麗な旋律 響け未来へと 行け〇〇 山縣秀
67%
〇〇!〇〇!〇〇!ウォウ! 烈しく叩けストレート 巧く捌け変化球 如何なる球も 的確に  仕留めて見せろ 一振りで 平沼翔太
67%
滾る闘志を この瞬間に 望む一撃 レッツゴー〇〇 髙寺望夢
67%
栄えある猛虎の歴史に 刻め新たな輝跡を こだまする この声を背に受け  突き進めさあ行こう 勝利に向かって 振り抜け 輝け 打て 〇〇 佐藤輝明
67%
煌めく技 燃えるその熱意 積み重ねた軌跡を 糧に突き進め 伊藤琉偉
33%
夢追い求め 奇跡呼ぶ要となれ幾千の願い乗せて 光放て 石伊雄太
33%
志を繋げ 約束の場所へと 輝く果敢な姿 見せろよ〇〇 大盛穂
33%
溢れる力を出し その名を刻め 希望の道を拓け Go my way!〇〇 カストロ
33%
チームを信じて 大きく投げ込め ダイナミックに敵を倒して 勝利の凱旋だ 横川凱
33%
鍛えたその腕を 自信をもって振り抜き 揺るがぬ覚悟胸に 〇〇〇〇輝け 松本晴
33%
魂込めて ボールを投げ込め 果敢に攻めて 勝利へ導け 大山凌
33%
鼓動が高鳴る この勝負 荒ぶる心 燃え盛れ〇〇 福永奨
33%
La La LaーLa La La LaーLa La La LaーLa La La Laー レッツゴー 〇〇 カモン 〇〇 ディベイニー
33%
走れ〇〇 海足唸らせ 歓喜の渦が巻く ホームベース目指して 植田海
33%
全力プレーで 掴み取れ 疾風のごとく 魅せろ〇〇 熊谷敬宥
33%
スタンドの期待を背に 打て永遠の星へ確信の一打を 魅せてくれ 蝦名達夫
33%
打て打て打て打て 一発〇〇 打て打て打て打て 勝利を目指せ ヒュンメル
33%
未来へ翔ばたけ お前が今、切り裂く道未知拓け今ここに この思いを乗せて 前川誠太
0%
夢追いかけ 打て魂乗せ 行けダイヤモンド駆け抜け 今 〇〇魅せろよ 緒方理貢
0%
GO Let's GOララ〇〇ラララ... 髙部瑛斗
0%
さあいけ〇〇〇〇 オーオオー気迫見せろ この声背に 今立ち向かえ 闘え〇〇〇〇 オーオオー 打ち放たれたその一打は ここに勝利呼び込む 西川史礁
0%
今その一打に 勝ちへの想い込め 燃えさかれ〇〇 この港で 石上泰輝
0%
覚悟決めた勝負の地で 光満ちる 技巧この地がわく景色を 心に刻み込め 石井一成
0%
我らの願いを背に(安!打!〇〇〇〇!) 渋く熱く魅せてくれ さあ今だ決めてやれ 林安可
0%
獅子を纏い 将いる 漲るガッツマン 牙立てる闘志むき出して 突き進め 〇〇 桑原将志
0%
光のその先 切り拓け 鷹の勇者(ヒーロー)
たゆまぬ努力で さぁ時代を築け 志ひとつに 行けスピードソルジャー
周東佑京
0%
昂るその想い 右腕に込め大きな夢を描いて 強気見せ頂へ 則本昂大
0%
磨き上げられたその脚で 踏み出せ今ここで 駆け抜けろ速く 勝利への道を スピード上げて走り出せ ホームベース目指して 渡部遼人
0%
No matching quizzes found
Score Distribution
Percent of People with Each Score
Percentile by Number Answered
Your Score History
You have not taken this quiz since the last reset